Chcete-li v čemkoli uspět, musíte do toho být skutečným fandou

Rozhovor s generálnym riaditeľom VÚTS, a.s. v Liberci, ktorý bol ocenený titulom Vynikajúci manažér strednej firmy do 250 zamestnancov. Výskumný ústav v podmienkach trhového hospodárstva. Výskum a vývoj pre textilný a spracovateľský priemysel. Hodnotenie súčasného podnikateľského prostredia z pohľad...

Full description

Saved in:
Bibliographic Details
Main Author: Přikryl, Jan
Other Authors: Václavík, Miroslav
Format: Book Chapter
Language:Czech
Subjects:
Tags: Add Tag
No Tags, Be the first to tag this record!

MARC

LEADER 00000naa a2200000 4500
001 0219995
005 20160628101737.2
041 0 |a cze 
044 |a CZ 
245 1 0 |a Chcete-li v čemkoli uspět, musíte do toho být skutečným fandou  |c Jan Přikryl, Miroslav Václavík 
520 |a Rozhovor s generálnym riaditeľom VÚTS, a.s. v Liberci, ktorý bol ocenený titulom Vynikajúci manažér strednej firmy do 250 zamestnancov. Výskumný ústav v podmienkach trhového hospodárstva. Výskum a vývoj pre textilný a spracovateľský priemysel. Hodnotenie súčasného podnikateľského prostredia z pohľadu výskumníka a manažéra. Čo je dôležité pre to, aby bol človek úspešným manažérom. 
610 2 0 |a manažment 
610 2 0 |a manažéri 
610 2 0 |a spoločnosti akciové 
610 2 0 |a výskum 
610 2 0 |a vývoj 
610 2 0 |a priemysel textilný 
610 2 0 |a priemysel spracovateľský 
610 2 0 |a Česko 
100 1 |a Přikryl, Jan 
700 1 |a Václavík, Miroslav